| 000 | 00827nam a22001937a 4500 | ||
|---|---|---|---|
| 999 |
_c20436 _d20436 |
||
| 005 | 20191217042735.0 | ||
| 008 | 190228b xxu||||| |||| 00| 0 spa d | ||
| 040 |
_aCO-BoIAVH _cCO-BoIAVH |
||
| 041 | _aspa | ||
| 044 | _ack | ||
| 090 |
_aFG _b0332 |
||
| 110 | _aUniversidad Jorge Tadeo Lozano | ||
| 245 |
_aEstado de conservación y patrones demográficos de especies de coral, amenazadas de las familias( Acroporidae, Mussidae y Faviidae) en el parque Nacional Natural Corales del Rosario y San Bernardo (Colombia): _bdeterminación de la estructura de talla de las poblaciones y estado de salud |
||
| 260 |
_aBogotá _bUniversidad Jorge Tadeo lozano, _c2010. |
||
| 300 |
_a18 páginas _c24 x 17cm |
||
| 650 | 0 |
_aAbundancia de especies _xTallas |
|
| 650 | 0 |
_aFertilidad _xEspecies |
|
| 942 |
_2z _cFolleto |
||